02433nam a2200601 i 450000100060000000300090000600500170001500800390003201500170007104000410008804500170012904600090014608000160015508000100017108000110018108000150019224503220020725000150052926000810054430000400062533600270066533700540069233800280074638000160077438000230079038800140081338800140082749000890084150000250093050400460095564800140100164800140101565000130102965000260104265000160106865100220108465100110110665500300111765800130114765800340116070000470119471000460124171000760128783000870136385600980145094200120154899900170156095200580157795200490163595200490168495200490173395200490178229271KOSZ 00520240405063046.0220810s1989 pl a g f 001 0 pol aPB 1992/8968 aWA NcWA NdKOSZ 005/RWdKOSZ 005/HR bd1945bd1950 k1989 a94(438).083 a325.1 a314.15 a316.4(438)00aKształtowanie się społeczności polskiej na Pomorzu Środkowym w latach 1945-1950 :bwybór dokumentów do dziejów Pomorza Środkowego.nT. 4 cz. 2,pZjawiska i procesy społeczne pierwszych lat powojennych /cwstęp, wybór i opracowanie Janusz Śniadecki ; Wyższa Szkoła Inżynierska w Koszalinie. aWydanie I. aKoszalin :bWydawnictwo Uczelniane Wyższej Szkoły Inżynierskiej,c1989. a149, [11] stron :berrata ;c24 cm. aTekstbtxt2rdacontent aBez urządzenia pośredniczącegobn2rdamedia aWoluminbnc2rdacarrier aKsiążki aPublikacje naukowe1 a1901-20001 a1989-20001 aPrace Zespołu Badawczego Problematyka Militarna Pomorza w Latach 1914-1945 ;vnr 6. aOznaczono jako t. 4. aBibliografia na stronach 142-149. Indeks. 7a1901-2000 7a1945-1989 7aMigracje 7aPolityka wewnętrzna 7aLudność 7aPomorze Zachodnie 7aPolska 7aWydawnictwo źródłowe aHistoria aSocjologia i społeczeństwo1 aŚniadecki, Januszd(1944-).eOpracowanie2 aWyższa Szkoła Inżynierska (Koszalin)2 aWydawnictwo Uczelniane (Wyższa Szkoła Inżynierska ; Koszalin)4pbl 0aPrace Zespołu Badawczego Problematyka Militarna Pomorza w Latach 1914-1945 vnr 6 uhttp://koha.tu.koszalin.pl/cgi-bin/koha/opac-detail.pl?biblionumber=29271yKatalog online BPK 2UKDcKS c29271d29271 001040718POLBOGaBPKbBPKcmho35380p02064185yKS 00104070aBPKbBPKcwo35381p02064178yKS 00104070aBPKbBPKcwo35382p00146333yKS 00104070aBPKbBPKcwo35383p01595017yKS 00104070aBPKbBPKcwo35384p01595000yKS